000 00582nam a2200193 i 4500
001 22442
003 ES-MaACL
005 20250804072403.0
007 t|
008 021202s1982 sp ||||1| spa d
100 1 _aAlegría, Ciro.
_919679
245 1 4 _aLos perros hambrientos /
_cCiro Alegría.
260 _aMadrid :
_bAlianza,
_c[1982]
300 _a153 p. ;
_c18 cm.
490 1 _aEl libro de bolsillo. Sección literatura ;
_v876
830 0 3 _aEl libro de bolsillo.
_pLiteratura
_v876
_9180913
852 _aES-MaACL
_jL-2931
_bR.103103
999 _c22442
_d22442